000 00285nam a22001217a 4500
008 180124b xxu||||| |||| 00| 0 eng d
041 _aeng
080 _a33
100 _a59
101 _abis
245 _acollege currency money for business training
_cmartha.s
942 _2udc
_cBK
999 _c40846
_d40846